LEADER 01309nam a2200325 a 4500 001 000000147359 003 CaOOAMICUS 005 20151113132325.0 008 151113s2015 fr u000 u fre r 020 $a978-2-343-05937-2* 032 $aLibriCat 040 $aPUL$bita 082 04$a210 100 1 $aVernier, Jean-Marie.$0(OLS)http://pul/name/50934 245 10$aDe l'homme à Dieu et retour : $bpropédeutique à la foi chrétienne /$cJean-Marie Vernier. 260 $aParis :$bL'Harmattan,$c2015. 300 $a195 p. ;$c22 cm. 490 1 $aReligions & spiritualité 500 $aContiene indici. 504 $aBibliografia in nota. 650 4$aFilosofia della religione.$0(OLS)http://pul/subject/120 830 0$aReligions & spiritualité.$0(OLS)http://pul/title/186009 850 $aPUL 852 $aPUL$W1$xSL Religione 3$y85$m210 VERJE 1$j170313$qDDC 21$B171092$CPULBib$Z2$F171092 $H126394 $81 941 1 $a9 996 $6020$a978-2-343-05937-2*$9(OLS)http://pul/number/158933 996 $6082$a210$9(OLS)http://pul/classification/1731 996 $6245$aDe l'homme à Dieu et retour : $bpropédeutique à la foi chrétienne$9(OLS)http://pul/title/186008 996 $6260$aParis :$bL'Harmattan$9(OLS)http://pul/publisher/67114 LEADER 01296nam a2200301 u 4500 001 000000059247 003 CaOOAMICUS 005 20150615152004.0 008 010625s1966 it u000 u ita u 035 $a10893997 040 $aPUL(R)$bita 041 1 $aita$hger 100 1 $aBoros, Ladislaus,$d1927-$0(OLS)http://pul/name/15765 240 10$aErlöstes Dasein.$lItaliano.$0(OLS)http://pul/title/79351 245 10$aEsistenza redenta :$bmeditazioni teologiche /$cLadislaus Boros. 260 $aBrescia :$bQueriniana,$c1966. 300 $a143 p.$c20 cm 490 1 $aMeditazioni teologiche ;$v1 650 4$aTeologia.$0(OLS)http://pul/subject/118 650 4$aMeditazioni.$0(OLS)http://pul/subject/581 830 0$aMeditazioni teologiche ;$v1.$0(OLS)http://pul/title/13642 850 $aPUL 852 $aPUL$W1$xDP1 Altre Collocazioni$y17$mSenza collocazione$j12$nBK-PRI$b $qStampati$B77278$CPULBib$Z2$F77278 $H $81 852 $aPUL$W1$xDP1 Fondo S. Lanza$y121$m3 B 58$j162963$qFondi$B166729$CPULBib$Z2$F166729 $HLAN1557 $82 941 1 $a8 941 1 $a1 996 $6245$aEsistenza redenta :$bmeditazioni teologiche$9(OLS)http://pul/title/79352 996 $6260$aBrescia :$bQueriniana$9(OLS)http://pul/publisher/47906